Neidio i'r cynnwys

Записки Горного института, 2024, № 3 научный журнал

Wedi'i Gadw mewn:
Manylion Llyfryddiaeth
Fformat: Журнал
Rhifyn:1
Mynediad Ar-lein:https://znanium.ru/catalog/document?id=458111
https://znanium.ru/cover/2188/2188129.jpg
Tagiau: Ychwanegu Tag
Dim Tagiau, Byddwch y cyntaf i dagio'r cofnod hwn!
LEADER 01340nam0a2200325 i 4500
001 RU\infra-m\znanium\bibl\2188129
003 https://znanium.ru/catalog/document?id=458111
005 20250612000000.0
100 |a 20250612d2024 m y0rusy0150 ca 
101 0 |a rus 
102 |a RU 
200 1 |a Записки Горного института, 2024, № 3  |e научный журнал  |e Журнал 
205 |a 1 
210 1 |a Санкт-Петербург  |c Санкт-Петербургский горный университет императрицы Екатериы II  |d 2024 
215 |a 500 с. 
333 |a ВО - Магистратура 
606 |a Науки о Земле. Экология  |x Геология  |2 local 
608 |a Журнал  |2 local 
675 |a 332  |z rus 
675 |a 54  |z rus 
675 |a 55  |z rus 
675 |a 56  |z rus 
675 |a 622  |z rus 
675 |a 665  |z rus 
686 |a 26  |2 rubbk 
686 |a 33  |2 rubbk 
686 |a 659  |2 rubbk 
801 0 |a RU  |b Общество с ограниченной ответственностью «ЗНАНИУМ»  |c 20241213  |2 rusmarc 
856 4 |a znanium.ru  |m ebs_support@infra-m.ru  |n НИЦ ИНФРА-М  |u https://znanium.ru/catalog/document?id=458111 
856 4 1 |a znanium.ru  |d /cover/2188  |f 2188129.jpg  |q image/jpeg  |u https://znanium.ru/cover/2188/2188129.jpg